Statistics for Things that are Hot Quiz

Click here to take the quiz!

General Stats

  • This quiz has been taken 51,203 times
    (12,796 since last reset)
  • The average score is 13 of 20

Answer Stats

ClueAnswer% Correct
FrankfurterHot Dog
94%
Place to get Wi-FiHotspot
90%
Drink with marshmallows, sometimesHot Chocolate
87%
One who loses his temper easilyHothead
84%
To start a car without a keyHotwire
82%
Menopause indicatorHot Flash
79%
Matchbox cars alternativeHot Wheels
77%
Drag-racing carHot Rod
76%
Extremely short shortsHotpants
73%
Geothermal poolHot Springs
72%
First took flight in Paris, 1783Hot Air Balloon
65%
Microwavable pastry served either
frozen or boiling lava hot
Hot Pockets
58%
Hot whiskey drinkHot Toddy
56%
Movie starring Marilyn MonroeSome Like it Hot
53%
One a penny, two a pennyHot Cross Buns
49%
British police comedyHot Fuzz
48%
Communal dish sometimes
called "Chinese fondue"
Hot Pot
47%
"Educational" song by Van HalenHot for Teacher
45%
Its sequel was Part DeuxHot Shots!
42%
CalifornicatorsRed Hot Chili Peppers
36%

Score Distribution

Percentile by Number Answered

Percent of People with Each Score

Your Score History

You have not taken this quiz since the last reset